000 00613nam a2200193 a 4500
001 000005215
005 20200929151618.0
008 090818s1998 sp a 001 spa d
020 _a8400077105
040 _aDO-SdBNP
082 _axxx
_bC631e
100 1 _aSánchez Ron. José Manuel
_d1949
_914894
245 1 0 _aJames Clerk Maxwell :
_bEscritos científicos /
_cJosé Manuel Sánchez Ron.
260 _aMadrid, :
_bconsejo Superior de Investigaciones Científicas,
_c1998.
300 _a161 p. :
_bil ;
_c23 cm.
500 _aIncluye datos biográficos
500 _aIncluye tabla de contenido
049 _aBNPD
999 _c5016
_d5016